TFT Set 15 - KO Colosseum - Statistiques

Statistiques générales
  • Ce quiz a été pris 151 fois
    147 depuis la dernière actualisation
  • Le résultat moyen est 65 sur 90
Statistiques - réponses
% Correct
Sett
89%
Vi
89%
Aatrox
88%
Ezreal
88%
Malphite
88%
Garen
86%
Twisted Fate
86%
Yasuo
86%
Yone
86%
Janna
85%
Jinx
85%
Seraphine
85%
Zac
85%
Braum
84%
Kalista
84%
Udyr
84%
Yuumi
84%
Ziggs
84%
Dr. Mundo
82%
Gnar
82%
Gwen
82%
Kayle
82%
Kobuko
82%
Leona
82%
Ryze
82%
Samira
82%
Katarina
81%
Naafiri
81%
Neeko
81%
Poppy
81%
Syndra
81%
Jarvan IV
80%
Jhin
80%
K'Sante
80%
Lucian
80%
Rakan
80%
Shen
80%
Swain
80%
Zyra
80%
Ashe
78%
Bastion
78%
Jayce
78%
Malzahar
78%
Sniper
78%
Viego
78%
Xayah
78%
Ahri
77%
Caitlyn
77%
Rell
77%
Sivir
77%
Akali
76%
Colosse
76%
Darius
76%
Gangplank
76%
Kennen
76%
Lee Sin
76%
Méga-mecha
76%
Varus
76%
Karma
74%
Lux
74%
Sorcier
74%
Duelliste
73%
Volibear
73%
Xin Zhao
73%
Poids Lourd
72%
Senna
72%
Kai'Sa
70%
Mentor
70%
Gardienne des Etoiles
69%
Luchador
69%
Protecteur
69%
Exécuteur
66%
Prodige
66%
Académie de Combat
64%
Edgelord
64%
L'équipage
62%
Stratège
62%
Combattant Spirituel
58%
Lulu
58%
Kog'Maw
57%
Cellules suprêmes
55%
Smolder
54%
Rammus
51%
Gambit de cristal
46%
Wraith
32%
Champion
27%
Dresseuse de monstre
22%
Rose-mère
22%
Maître des postures
20%
Capitaine rebelle
15%
Aucun quiz correspondant
Distribution des résultats
% des personnes avec chaque résultat
Percentile par nombre de réponses
Votre historique - résultats
Vous n’avez pas pris ce quiz depuis la dernière actualisation